000 00456nam a2200157 a 4500
040 _cDLC
082 0 0 _a582 582 SAH 1987 B142 Or.
100 1 _aStorrs, Adrian,
245 1 0 _aEnjoy trees :
_ba simple guide to some of the trees and shrubs found in Nepal /
260 _aKathmandu, Nepal :
_bSahayogi Press,
_c1987.
300 _avii, 216 p. :
_bchiefly ill. ;
_c20 cm.
650 0 _aTrees
650 0 _aShrubs
700 1 _aStorrs, Jimmie.
942 _cAEDBB
999 _c18338
_d18338